|
|
|
|
| LEADER |
00000nab a2200000 a 4500 |
| 001 |
vtls009004448 |
| 003 |
SK-MaSNL |
| 005 |
20260303065638.0 |
| 008 |
070702 2007 xo r r 000 0 slo |
| 038 |
|
|
|a KEVKJB
|
| 040 |
|
|
|a KEVKJB
|b slo
|c KEVKJB
|e AACR2
|
| 041 |
0 |
|
|a slo
|
| 044 |
|
|
|a xo
|c SK
|
| 080 |
|
|
|a 352
|2 2001
|
| 245 |
0 |
0 |
|a Poslanci odsúhlasili, že mesto vyrovná 9,4-miliónový podiel dlhu v MFK Košice
|b mestské zastupiteľstvo včera celý program nestihlo, pokačovať bude 10. júla
|c [autor] bm
|
| 300 |
|
|
|b Obr.
|
| 610 |
1 |
7 |
|a Košice (Slovensko).
|b Mestské zastupiteľstvo
|2 kevkjb
|9 94952
|
| 651 |
|
7 |
|a Košice (Slovensko)
|2 kevkjb
|9 18694
|
| 773 |
0 |
|
|t Košický večer
|g Roč. 18(39), č. 26 (29.6.2007), s. 3
|x 1336-5320
|
| 852 |
|
|
|a KEVKJB
|b KIS3GCP
|
| 999 |
|
|
|c 1752037
|d 1753967
|